Czolowi eksporterzy wsród najwiekszych producentów przemyslu przetwórczego w 1990 r.

Zoznam poľských vývozcov. Zásady jeho zostavenia. Koncentrácia vývozu. Podiel vývozu na predanej výrobe. Prví dvadsiati výrobcovia v r. 1990. Dvadsať podnikov spracovateľského priemyslu s najväčším vývozom v r. 1990. Zoznam čelných poľských vývozcov spomedzi 500 najväčších spracovateľských podnikov...

Descripción completa

Guardado en:
Detalles Bibliográficos
Autor principal: Deniszczuk, M.
Formato: Capítulo de libro
Lenguaje:polaco
Materias:
Etiquetas: Agregar Etiqueta
Sin Etiquetas, Sea el primero en etiquetar este registro!

MARC

LEADER 00000naa a2200000 4500
001 r007199
005 20221125123109.7
041 0 |a pol 
044 |a PL 
245 1 0 |a Czolowi eksporterzy wsród najwiekszych producentów przemyslu przetwórczego w 1990 r.  |c M. Deniszczuk 
520 |a Zoznam poľských vývozcov. Zásady jeho zostavenia. Koncentrácia vývozu. Podiel vývozu na predanej výrobe. Prví dvadsiati výrobcovia v r. 1990. Dvadsať podnikov spracovateľského priemyslu s najväčším vývozom v r. 1990. Zoznam čelných poľských vývozcov spomedzi 500 najväčších spracovateľských podnikov s ďalšími údajmi. 
610 2 0 |a vývoz 
610 2 0 |a PR 
610 2 0 |a podnik priemyselný 
610 2 0 |a priemysel spracovateľský 
610 2 0 |a 1990 
610 2 0 |a údaje štatistické 
100 1 |a Deniszczuk, M.